5 by 5 Famous Names III Quiz Stats

 Plays Quiz Updated Nov 17, 2017

Challenge
Share
Tweet
Score 0/25 Timer 05:00
20 Plays Today
% Correct
Clooney
97.3%
Rock
93.2%
Kudrow
88.6%
Wahlberg
85.4%
Zuckerberg
84.8%
Hemsworth
79.3%
Harrison
76.6%
Lopez
76.1%
Pratt
75.2%
Kendrick
74.2%
Lucas
73%
Twain
70.3%
Ruffalo
69.1%
% Correct
Hamill
66.1%
Nicole Smith
63.9%
Pine
63.7%
Faris
63.4%
Evans
48.9%
Kournikova
48.3%
Bonet
47.5%
Paquin
41%
Strait
39.2%
'Left-Eye' Lopes
36.1%
Leslie
32.2%
Edelstein
14.3%

You're not logged in!

Compare scores with friends on all Sporcle quizzes.
OR
Log In

You Might Also Like...

Show Comments

Extras

Top Quizzes Today


Score Distribution

Your Account Isn't Verified!

In order to create a playlist on Sporcle, you need to verify the email address you used during registration. Go to your Sporcle Settings to finish the process.

Report this User

Report this user for behavior that violates our Community Guidelines.

Details: